Seeing signals, reading signs : the art of exegesis : studies in honour of Antony F. Campbell, SJ for his seventieth birthday /

Bibliographic Details
Other Authors: Campbell, Antony F., O'Brien, Mark A., 1945-, Wallace, Howard N., 1948-
Format: Book
Language:English
Published: London ; New York : T&T Clark International, [2004]
Series:Journal for the study of the Old Testament. Supplement series ; 415.
Subjects:

MARC

Tag First Indicator Second Indicator Subfields
LEADER 00000cam a2200000 a 4500
001 in00002339852
005 20151108051010.0
008 050202s2004 enkac b 011 0 eng
010 |a  2005362980 
020 |a 0826471587 (hard : alk. paper) 
020 |a 9780826471581 (hard : alk. paper) 
029 1 |a NLGGC  |b 273345605 
029 1 |a YDXCP  |b 2159391 
029 1 |a NZ1  |b 9150654 
035 |a (OCoLC)ocm61478911 
035 |a (OCoLC)61478911 
040 |a UKM  |b eng  |c UKM  |d DLC  |d BAKER  |d DAY  |d NLGGC  |d YDXCP  |d UtOrBLW 
042 |a pcc 
049 |a TXAM 
050 0 0 |a BS1171.3  |b .S44 2004 
082 0 4 |a 222.06  |2 22 
084 |a 11.40  |2 bcl 
245 0 0 |a Seeing signals, reading signs :  |b the art of exegesis : studies in honour of Antony F. Campbell, SJ for his seventieth birthday /  |c edited by Mark A. O'Brien and Howard N. Wallace. 
264 1 |a London ;  |a New York :  |b T&T Clark International,  |c [2004] 
264 4 |c ©2004 
300 |a xvi, 212 pages :  |b illustrations, portrait ;  |c 25 cm. 
336 |a text  |b txt  |2 rdacontent 
337 |a unmediated  |b n  |2 rdamedia 
338 |a volume  |b nc  |2 rdacarrier 
490 1 |a Journal for the study of the Old Testament. Supplement series ;  |v 415 
504 |a Includes bibliographical references and indexes. 
505 0 |a Antony F. Campbell, SJ: a tribute / Brendan J. Byrne -- Punctuation is the point / Brian Peckham -- Canonical signals in the additions in Deuteronomy 1:39 / Norbert Lohfink -- The 'paradigmatic' and 'historiographical' nature of the priestly material as a key to its interpretation / Suzanne Boorer -- At 'sixes and sevens' in Exodus 6-7? / Mark A. O'Brien -- Genocide in Deuteronomy: postcolonial variations on mimetic desire / Mark G. Brett -- The rhetoric of war and the book of Joshua / Wonil Kim -- On the literary function of the notice concerning Hiel's re-establishment of Jericho in 1 Kings 16:34 / Marvin A. Sweeney -- Harvesting the vineyard: the development of vineyard imagery in the Hebrew Bible / Howard N. Wallace -- Jeremiah 40:1-6: an appreciation / John Hill -- The concept of ruach in Ezekiel 37 / T. John Wright -- The genre of Jonah / Steven L. McKenzie -- The truth trap in interpretation / Sean McEvenue -- Antony Campbell's God first loved us and the task of Biblical theology / Rolf P. Knierim. 
630 0 0 |a Bible.  |p Old Testament  |x Criticism, interpretation, etc. 
650 1 7 |a Oude Testament.  |2 gtt 
700 1 |a Campbell, Antony F. 
700 1 |a O'Brien, Mark A.,  |d 1945- 
700 1 |a Wallace, Howard N.,  |d 1948- 
830 0 |a Journal for the study of the Old Testament.  |p Supplement series ;  |v 415. 
938 |a YBP Library Services  |b YANK  |n 2159391 
938 |a Baker & Taylor  |b BKTY  |c 140.00  |d 140.00  |i 0826471587  |n 0006189734  |s active 
945 |a PromptCat  |b 259065 
946 |a stk 
947 |a A14836484742 
948 |a cataloged  |b h  |c 2007/11/8  |d c  |e dmartine  |f 12:55:32 pm 
994 |a 92  |b TXA 
999 |a MARS 
999 f f |s 077d9183-dbe0-3417-83e1-d5b51f47e789  |i 5bc04683-d5c7-3ded-80d9-175c642b1305  |t 0 
952 f f |p normal  |a Texas A&M University  |b College Station  |c Sterling C. Evans Library  |d Evans: Library Stacks  |t 0  |e BS1171.3 .S44 2004  |h Library of Congress classification  |i unmediated -- volume  |m A14836484742 
998 f f |a BS1171.3 .S44 2004  |t 0  |l Evans: Library Stacks